000 00310nam a22001337a 4500
008 170621b xxu||||| |||| 00| 0 eng d
020 _a0256026343
041 _aeng
080 _a32
100 _a20
101 _aSHP
245 _aNEGOTIATION: READINGS, EXERCISES, AND CASES
_cLEWICKI,R.J
942 _2udc
_cBK
999 _c18426
_d18426